| 000 | 00782cab a22001935a 4500 | ||
|---|---|---|---|
| 001 | L143036 | ||
| 008 | 080214s2008 xxkad f s 000 0 eng d | ||
| 035 | _a(Sirsi) u143036 | ||
| 041 | 0 | _aeng | |
| 110 | 2 |
_aGlobalProperty _95528 |
|
| 245 | 0 | 0 |
_aKey data _boffice occupancy costs |
| 260 | _c2008 | ||
| 490 | 0 |
_aEuroProperty _vMarch 2008, 38(1) |
|
| 520 | _aPresents data on office occupancy costs from around the globe. Finds Western Europe dominates the chart and that emerging markets expect demand to be strong. Table ranks countries and locations, detailing costs per workstation (dollars and euros) with year on year changes form 2007 to 2008. | ||
| 590 | _aKA | ||
| 651 | 4 | _aInternational | |
| 690 | _aPROPERTY-COMMERCIAL PROPERTY-COMMERCIAL PROPERTY MARKET | ||
| 942 | _n0 | ||
| 999 |
_c80030 _d80030 |
||